[Event "ROM-ch U08"]
[Site "Calimanesti Caciulata"]
[Date "2019.04.21"]
[Round "8"]
[White "Iacob, Cosmin Stefan"]
[Black "Marinache, Luca Marian"]
[Result "1-0"]
[WhiteElo "1027"]
[BlackElo "1183"]
[PlyCount "59"]
[EventDate "2019.04.15"]
[EventType "swiss"]
[EventRounds "9"]
[EventCountry "ROU"]
[SourceTitle "CBM 190 Extra"]
[Source "ChessBase"]
[SourceDate "2019.07.15"]
[SourceVersion "1"]
[SourceVersionDate "2019.07.15"]
[SourceQuality "1"]

1. e4 d5 2. exd5 Qxd5 3. Nc3 Qa5 4. d4 c6 5. Bc4 Bf5 6. Nf3 e6 7. 0-0 Bb4 8. Bd2 Nf6 9. Re1 0-0 10. a3 Bxc3 11. Bxc3 Qc7 12. Nh4 Ng4 13. g3 c5 14. Nxf5 exf5 15. Qd3 f4 16. Bd5 Nd7 17. Qf3 Ngf6 18. Bxb7 Rab8 19. Be4 fxg3 20. hxg3 Rfe8 21. b3 cxd4 22. Bxd4 a5 23. Rad1 Re6 24. Bf5 Rxe1+ 25. Rxe1 g6 26. Bxd7 Nxd7 27. Re7 Rf8 28. Qe3 Qd8 29. Qh6 f6 30. Qg7# 1-0

[Event "ROM-ch U08"]
[Site "Calimanesti Caciulata"]
[Date "2019.04.19"]
[Round "6"]
[White "Tanasie, Rares"]
[Black "Marinache, Luca Marian"]
[Result "1-0"]
[WhiteElo "1073"]
[BlackElo "1183"]
[PlyCount "35"]
[EventDate "2019.04.15"]
[EventType "swiss"]
[EventRounds "9"]
[EventCountry "ROU"]
[SourceTitle "CBM 190 Extra"]
[Source "ChessBase"]
[SourceDate "2019.07.15"]
[SourceVersion "1"]
[SourceVersionDate "2019.07.15"]
[SourceQuality "1"]

1. d4 d5 2. Bf4 c5 3. e3 e6 4. Nc3 Be7 5. Bb5+ Bd7 6. a4 Nf6 7. Nf3 a6 8. Bxd7+ Nbxd7 9. 0-0 Qb6 10. Rb1 Bd6 11. Bxd6 Qxd6 12. Re1 0-0 13. e4 dxe4 14. Nxe4 Nxe4 15. Rxe4 Qc6 16. Rh4 Rad8 17. Qd3 cxd4 18. Qxh7# 1-0